Words Starting with 'SW' Quiz Stats

 Plays Quiz Updated Oct 29, 2018

Score 0/25 Timer 05:00
0 Plays Today
% Correct
swear
93.9%
sweat
93.8%
sweater
93.7%
sword
93.7%
swim
93.6%
swap
93.2%
swine
92.7%
swift
92.6%
swallow
92.5%
swarm
92.1%
swan
91.8%
swamp
90.9%
swat
89.5%
% Correct
swerve
87.6%
swindle
87.3%
swanky
86.4%
swaddle
86%
swoon
85.4%
swoop
85.2%
swivel
83.9%
swirl
82%
swatch
81.4%
swill
80.3%
swath
78.2%
sway
77.6%

You're not logged in!

Compare scores with friends on all Sporcle quizzes.
OR
Log In

Sporcle TV

Today on Sporcle TV


Watch our educational content, quiz creation guides, and fun videos on Sporcle TV.

Show Comments

Extras

Top Quizzes Today


Score Distribution

Your Account Isn't Verified!

In order to create a playlist on Sporcle, you need to verify the email address you used during registration. Go to your Sporcle Settings to finish the process.

Report this User

Report this user for behavior that violates our Community Guidelines.

Details: